Statistics for Five Closest Countries by Random Capital

Click here to take the quiz!

General Stats

  • This quiz has been taken 216 times
  • The average score is 33 of 40

Answer Stats

CapitalkmClosest Countriesmi% Correct
Bishkek572Afghanistan356
100%
New Delhi833Afghanistan518
100%
Skopje66Albania41
100%
Tripoli393Algeria244
100%
Rabat396Algeria246
100%
Valletta533Algeria331
100%
Tunis132Algeria82
100%
Madrid485Andorra301
100%
Brazzaville178Angola111
100%
Santiago69Argentina43
100%
Sucre321Argentina199
100%
Tbilisi47Armenia29
100%
Wellington2163Australia1344
100%
Honiara989Australia
(Coral Sea Islands)
614
100%
Port Vila1323Australia
(Coral Sea Islands)
822
100%
Vaduz5Austria3
100%
Zagreb94Austria58
100%
Budapest147Austria91
100%
Berlin405Austria252
100%
Prague125Austria77
100%
Ljubljana36Austria22
100%
Bratislava3Austria2
100%
Yerevan56Azerbaijan35
100%
Tbilisi45Azerbaijan28
100%
Washington, D.C.1301Bahamas808
100%
Santo Domingo435Bahamas271
100%
Riyadh403Bahrain251
100%
Kuwait City423Bahrain263
100%
Doha109Bahrain68
100%
Abu Dhabi400Bahrain249
100%
Kathmandu328Bangladesh204
100%
Port of Spain340Barbados211
100%
Warsaw150Belarus93
100%
Moscow397Belarus247
100%
Vilnius30Belarus19
100%
Kiev91Belarus57
100%
London192Belgium119
100%
Dublin650Belgium404
100%
Amsterdam96Belgium60
100%
Mexico City1065Belize662
100%
San Salvador244Belize152
100%
Lomé47Benin29
100%
Ouagadougou306Benin190
100%
Accra215Benin133
100%
Abuja421Benin262
100%
Dhaka327Bhutan203
100%
Kathmandu345Bhutan214
100%
Buenos Aires1427Bolivia887
100%
Santiago1212Bolivia753
100%
Ljubljana138Bosnia and Herzegovina86
100%
Zagreb65Bosnia and Herzegovina40
100%
San Marino278Bosnia and Herzegovina173
100%
Pretoria215Botswana134
100%
Mbabane482Botswana300
100%
Harare459Botswana285
100%
Santiago1292Brazil803
100%
Bogotá577Brazil359
100%
Sucre621Brazil386
100%
Buenos Aires461Brazil286
100%
Bucharest47Bulgaria29
100%
Chișinău340Bulgaria211
100%
Ankara464Bulgaria288
100%
Skopje85Bulgaria53
100%
Abuja626Burkina Faso389
100%
Lomé570Burkina Faso354
100%
Yamoussoukro324Burkina Faso201
100%
Singapore1009Cambodia627
100%
Bangkok201Cambodia125
100%
Vientiane407Cambodia253
100%
Bandar Seri Begawan1165Cambodia724
100%
Libreville211Cameroon131
100%
N'Djamena3Cameroon2
100%
São Tomé407Cameroon253
100%
Abuja365Cameroon227
100%
Washington, D.C.470Canada292
100%
Reykjavík1810Canada1125
100%
N'Djamena501Central African Republic311
100%
Sucre333Chile207
100%
Buenos Aires1045Chile649
100%
Kathmandu63China39
100%
New Delhi344China214
100%
Dhaka415China258
100%
Tokyo1085China674
100%
Vientiane364China226
100%
Tashkent420China261
100%
Manila1041China647
100%
Panama City234Colombia145
100%
Port Louis1632Comoros1014
100%
Antananarivo790Comoros491
100%
Tegucigalpa359Costa Rica223
100%
Panama City338Costa Rica210
100%
Bratislava186Croatia115
100%
Ljubljana43Croatia27
100%
Budapest175Croatia109
100%
Santo Domingo480Cuba298
100%
Washington, D.C.1776Cuba1103
100%
Nassau296Cuba184
100%
Ankara494Cyprus307
100%
Vienna58Czech Republic36
100%
Warsaw306Czech Republic190
100%
Bratislava53Czech Republic33
100%
Lusaka231Democratic Republic of the Congo144
100%
Kigali81Democratic Republic of the Congo50
100%
Brazzaville5Democratic Republic of the Congo3
100%
Luanda318Democratic Republic of the Congo198
100%
Gitega78Democratic Republic of the Congo48
100%
Ottawa2474Denmark
(Greenland)
1537
100%
Reykjavík540Denmark
(Greenland)
336
100%
Addis Ababa401Djibouti249
100%
Asmara493Djibouti306
100%
Sana'a314Djibouti195
100%
Bogotá532Ecuador331
100%
Khartoum723Egypt449
100%
Amman174Egypt108
100%
Jerusalem106Egypt66
100%
Mexico City1145El Salvador711
100%
Managua195El Salvador121
100%
Tegucigalpa63El Salvador39
100%
São Tomé228Equatorial Guinea142
100%
Abuja605Equatorial Guinea376
100%
Brazzaville729Equatorial Guinea453
100%
Djibouti100Eritrea62
100%
Moscow640Estonia398
100%
Pretoria270Eswatini168
100%
Gaborone531Eswatini330
100%
Maputo48Eswatini30
100%
Cape Town1424Eswatini885
100%
Djibouti66Ethiopia41
100%
Majuro942Federated States of Micronesia585
100%
Ngerulmud317Federated States of Micronesia197
100%
Wellington2480Fiji1541
100%
Nuku'alofa397Fiji247
100%
Port Vila915Fiji568
100%
Tallinn57Finland35
100%
Stockholm115Finland72
100%
Moscow779Finland484
100%
Madrid348France216
100%
Port Louis205France128
100%
Moroni219France136
100%
Amsterdam213France132
100%
Vatican City241France150
100%
Bridgetown196France122
100%
Vaduz154France96
100%
Brussels59France37
100%
Lisbon803France499
100%
Dublin537France333
100%
London139France86
100%
Tunis511France317
100%
Roseau53France33
100%
Luxembourg City12France7
100%
Monaco0France0
100%
Andorra la Vella12France7
100%
Wellington2176France
(New Caledonia)
1352
100%
Port Vila345France
(New Caledonia)
214
100%
Honiara1187France
(New Caledonia)
738
100%
Ottawa1493France
(Saint Pierre and Miquelon)
928
100%
Washington, D.C.1891France
(Saint Pierre and Miquelon)
1175
100%
Apia475France
(Wallis and Futuna)
295
100%
Nuku'alofa811France
(Wallis and Futuna)
504
100%
São Tomé244Gabon151
100%
Brazzaville232Gabon144
100%
Luanda588Gabon365
100%
Dakar160Gambia100
100%
Bissau147Gambia91
100%
Yerevan111Georgia69
100%
Vaduz47Germany29
100%
Luxembourg City17Germany11
100%
Brussels109Germany68
100%
Prague86Germany53
100%
Amsterdam94Germany58
100%
Copenhagen121Germany75
100%
London421Germany262
100%
Dublin853Germany530
100%
Ouagadougou150Ghana93
100%
Yamoussoukro226Ghana140
100%
Lomé2Ghana1
100%
Sofia144Greece89
100%
Valletta576Greece358
100%
Skopje107Greece66
100%
Ankara507Greece315
100%
Tirana112Greece69
100%
Tripoli871Greece541
100%
Port of Spain150Grenada93
100%
San Salvador67Guatemala42
100%
Managua417Guatemala259
100%
Mexico City869Guatemala540
100%
Tegucigalpa220Guatemala137
100%
Yamoussoukro311Guinea193
100%
Dakar466Guinea290
100%
Dakar275Guinea-Bissau171
100%
Conakry212Guinea-Bissau132
100%
Santo Domingo186Haiti116
100%
Nassau713Haiti443
100%
Panama City776Honduras482
100%
Mexico City1177Honduras731
100%
Prague304Hungary189
100%
Bratislava16Hungary10
100%
Vienna52Hungary32
100%
Ljubljana153Hungary95
100%
Zagreb86Hungary54
100%
Dhaka77India48
100%
Kathmandu80India50
100%
Bangkok672India418
100%
Bandar Seri Begawan116Indonesia72
100%
Manila1201Indonesia746
100%
Singapore21Indonesia13
100%
Ngerulmud861Indonesia535
100%
Abu Dhabi161Iran100
100%
Kuwait City83Iran52
100%
Tbilisi217Iran135
100%
Doha237Iran147
100%
Muscat215Iran134
100%
Yerevan46Iran29
100%
Kuwait City70Iraq43
100%
Damascus235Iraq146
100%
Riyadh485Iraq302
100%
London431Ireland268
100%
Reykjavík1245Ireland773
100%
Nicosia282Israel175
100%
Damascus62Israel39
100%
Amman59Israel37
100%
Ljubljana66Italy41
100%
San Marino2Italy2
100%
Monaco10Italy6
100%
Vatican City0Italy0
100%
Vaduz70Italy43
100%
Tunis156Italy97
100%
Andorra la Vella508Italy316
100%
Zagreb161Italy100
100%
Tripoli295Italy183
100%
Valletta93Italy58
100%
Lomé443Ivory Coast276
100%
Manila1091Japan678
100%
Beijing1284Japan798
100%
Jerusalem31Jordan19
100%
Damascus93Jordan58
100%
Bishkek20Kazakhstan13
100%
Gitega527Kenya327
100%
Addis Ababa544Kenya338
100%
Yaren291Kiribati181
100%
Skopje15Kosovo10
100%
Riyadh438Kuwait272
100%
Bangkok419Laos261
100%
Vilnius135Latvia84
100%
Tallinn151Latvia94
100%
Minsk204Latvia127
100%
Moscow584Latvia363
100%
Damascus21Lebanon13
100%
Jerusalem144Lebanon89
100%
Nicosia231Lebanon144
100%
Amman132Lebanon82
100%
Maputo472Lesotho293
100%
Mbabane347Lesotho216
100%
Gaborone509Lesotho316
100%
Cape Town934Lesotho580
100%
Pretoria319Lesotho198
100%
Conakry373Liberia232
100%
Valletta349Libya217
100%
Tunis423Libya263
100%
Monaco402Liechtenstein250
100%
Warsaw256Lithuania159
100%
Tallinn331Lithuania205
100%
Minsk118Lithuania74
100%
Brussels136Luxembourg85
100%
Amsterdam255Luxembourg158
100%
Port Louis875Madagascar544
100%
Moroni514Madagascar319
100%
Moroni863Malawi536
100%
Harare400Malawi248
100%
Manila896Malaysia557
100%
Bandar Seri Begawan7Malaysia4
100%
Singapore9Malaysia6
100%
Conakry364Mali226
100%
Yamoussoukro383Mali238
100%
Dakar563Mali350
100%
Ouagadougou205Mali127
100%
Tripoli343Malta213
100%
Tunis368Malta229
100%
Yaren603Marshall Islands375
100%
Palikir662Marshall Islands411
100%
Dakar182Mauritania113
100%
Antananarivo1042Mauritius647
100%
San Salvador296Mexico184
100%
Kiev285Moldova177
100%
Bucharest201Moldova125
100%
Andorra la Vella497Monaco309
100%
Beijing559Mongolia348
100%
Mbabane97Mozambique60
100%
Port Louis1862Mozambique1157
100%
Antananarivo829Mozambique515
100%
Harare183Mozambique113
100%
Moroni282Mozambique175
100%
Pretoria372Mozambique231
100%
Cape Town1531Mozambique952
100%
Kathmandu898Myanmar558
100%
Bangkok142Myanmar88
100%
Dhaka327Myanmar203
100%
Vientiane376Myanmar234
100%
Gaborone581Namibia361
100%
Luanda904Namibia562
100%
Cape Town555Namibia345
100%
Majuro976Nauru607
100%
Palikir1275Nauru792
100%
Honiara1253Nauru779
100%
Dhaka371Nepal231
100%
New Delhi291Nepal181
100%
Luxembourg City127Netherlands79
100%
Dublin689Netherlands428
100%
Brussels49Netherlands31
100%
Berlin419Netherlands260
100%
London243Netherlands151
100%
Copenhagen439Netherlands273
100%
Nuku'alofa595New Zealand
(Niue)
370
100%
San Salvador186Nicaragua115
100%
Panama City496Nicaragua308
100%
Ouagadougou275Niger171
100%
N'Djamena233Niger145
100%
Abuja438Niger272
100%
Accra334Nigeria207
100%
São Tomé444Nigeria276
100%
Lomé168Nigeria104
100%
N'Djamena41Nigeria25
100%
Tokyo1045North Korea650
100%
Beijing668North Korea415
100%
Sofia83North Macedonia52
100%
Copenhagen361Norway224
100%
Stockholm322Norway200
100%
Reykjavík920Norway
(Jan Mayen)
572
100%
Abu Dhabi127Oman79
100%
Muscat374Pakistan233
100%
New Delhi352Pakistan219
100%
Bogotá492Panama306
100%
Honiara534Papua New Guinea332
100%
Santiago1348Paraguay838
100%
Buenos Aires795Paraguay494
100%
Sucre356Paraguay221
100%
Bogotá541Peru336
100%
Sucre476Peru296
100%
Bandar Seri Begawan396Philippines246
100%
Berlin61Poland38
100%
Minsk253Poland157
100%
Prague93Poland58
100%
Vilnius129Poland80
100%
Copenhagen222Poland138
100%
Kiev451Poland280
100%
Madrid243Portugal151
100%
Muscat699Qatar434
100%
Kuwait City477Qatar296
100%
Abu Dhabi281Qatar175
100%
Riyadh420Qatar261
100%
Libreville384Republic of the Congo238
100%
Luanda437Republic of the Congo272
100%
Sofia124Romania77
100%
Kiev360Romania223
100%
Yerevan265Russia165
100%
Vilnius153Russia95
100%
Beijing1225Russia761
100%
Tallinn145Russia90
100%
Kiev203Russia126
100%
Tbilisi86Russia53
100%
Warsaw235Russia146
100%
Tokyo942Russia586
100%
Nairobi663Rwanda412
100%
Gitega71Rwanda44
100%
Port of Spain209Saint Vincent and the Grenadines130
100%
Nuku'alofa863Samoa537
100%
Monaco400San Marino249
100%
Vatican City221San Marino138
100%
Kuwait City65Saudi Arabia40
100%
Asmara330Saudi Arabia205
100%
Muscat327Saudi Arabia203
100%
Abu Dhabi190Saudi Arabia118
100%
Amman115Saudi Arabia72
100%
Djibouti536Saudi Arabia333
100%
Doha74Saudi Arabia46
100%
Jerusalem172Saudi Arabia107
100%
Conakry323Senegal201
100%
Sofia51Serbia32
100%
Bucharest265Serbia165
100%
Skopje33Serbia20
100%
Budapest151Serbia94
100%
Port Louis1450Seychelles901
100%
Conakry72Sierra Leone45
100%
Vienna38Slovakia24
100%
Prague238Slovakia148
100%
Budapest39Slovakia24
100%
Vienna148Slovenia92
100%
Zagreb21Slovenia13
100%
San Marino193Slovenia120
100%
Vatican City406Slovenia252
100%
Palikir1513Solomon Islands940
100%
Yaren979Solomon Islands608
100%
Port Vila687Solomon Islands427
100%
Djibouti17Somalia11
100%
Addis Ababa468Somalia291
100%
Gaborone13South Africa8
100%
Maputo59South Africa37
100%
Mbabane15South Africa9
100%
Harare498South Africa310
100%
Beijing843South Korea524
100%
Tokyo812South Korea505
100%
Addis Ababa505South Sudan314
100%
Andorra la Vella4Spain3
100%
Rabat252Spain157
100%
Lisbon161Spain100
100%
N'Djamena738Sudan459
100%
Addis Ababa501Sudan311
100%
Tallinn301Sweden187
100%
Copenhagen23Sweden14
100%
Vaduz1Switzerland1
100%
Monaco237Switzerland147
100%
Luxembourg City243Switzerland151
100%
Andorra la Vella535Switzerland333
100%
Nicosia217Syria135
100%
Ankara479Syria298
100%
Amman64Syria40
100%
Manila813Taiwan505
100%
Bishkek387Tajikistan240
100%
New Delhi984Tajikistan611
100%
Nairobi122Tanzania76
100%
Moroni337Tanzania209
100%
Antananarivo1202Tanzania747
100%
Gitega60Tanzania37
100%
Kigali75Tanzania46
100%
Vientiane3Thailand2
100%
Accra142Togo88
100%
Ouagadougou204Togo127
100%
Porto-Novo93Togo58
100%
Wellington2407Tonga1496
100%
Valletta312Tunisia194
100%
Tripoli152Tunisia95
100%
Nicosia104Turkey65
100%
Bucharest271Turkey168
100%
Yerevan22Turkey14
100%
Tbilisi129Turkey80
100%
Yaren1162Tuvalu722
100%
Majuro1508Tuvalu937
100%
Port Vila1510Tuvalu938
100%
Gitega216Uganda134
100%
Nairobi353Uganda219
100%
Warsaw192Ukraine119
100%
Bucharest203Ukraine126
100%
Vilnius301Ukraine187
100%
Moscow448Ukraine278
100%
Minsk237Ukraine147
100%
Riyadh491United Arab Emirates305
100%
Doha75United Arab Emirates47
100%
Amsterdam213United Kingdom132
100%
Reykjavík1000United Kingdom621
100%
Dublin76United Kingdom47
100%
Brussels209United Kingdom130
100%
Ottawa1729United Kingdom
(Bermuda)
1075
100%
Washington, D.C.1321United Kingdom
(Bermuda)
821
100%
Madrid495United Kingdom
(Gibraltar)
308
100%
Rabat274United Kingdom
(Gibraltar)
170
100%
Roseau173United Kingdom
(Montserrat)
108
100%
Santo Domingo330United Kingdom
(Turks and Caicos)
205
100%
Nassau623United Kingdom
(Turks and Caicos)
387
100%
Ottawa71United States44
100%
Mexico City736United States457
100%
Nassau287United States178
100%
Nuku'alofa887United States
(American Samoa)
551
100%
Ngerulmud1268United States
(Guam)
788
100%
Palikir1623United States
(Guam)
1009
100%
Santo Domingo213United States
(Puerto Rico)
132
100%
Majuro1448United States
(Wake Island)
899
100%
Santiago1139Uruguay708
100%
Buenos Aires48Uruguay30
100%
Bishkek276Uzbekistan171
100%
Wellington2381Vanuatu1480
100%
Honiara823Vanuatu511
100%
Bogotá344Venezuela214
100%
Panama City677Venezuela421
100%
Port of Spain37Venezuela23
100%
Bandar Seri Begawan998Vietnam620
100%
Bangkok522Vietnam324
100%
Vientiane198Vietnam123
100%
Singapore792Vietnam492
100%
Asmara312Yemen194
100%
Djibouti122Yemen76
100%
Harare251Zambia156
100%
Luanda1067Zambia663
100%
Maputo415Zimbabwe258
100%
Gaborone401Zimbabwe249
100%
Pretoria412Zimbabwe256
100%
Mbabane434Zimbabwe269
100%
Lisbon737Algeria458
83%
Lisbon433Morocco269
83%
Lisbon440United Kingdom
(Gibraltar)
273
83%
San José532El Salvador330
80%
San José466Honduras289
80%
San José88Nicaragua55
80%
San José136Panama85
80%
Nur-Sultan932China579
75%
Berlin246Denmark153
75%
Basseterre64France
(Saint Barthélemy)
40
75%
Nur-Sultan898Kyrgyzstan558
75%
Basseterre31Netherlands19
75%
Nur-Sultan292Russia181
75%
Nur-Sultan1123Tajikistan698
75%
Basseterre76United Kingdom
(Montserrat)
47
75%
Basseterre202United States
(Virgin Islands)
126
75%
Nur-Sultan954Uzbekistan593
75%
Islamabad184Afghanistan114
67%
Montevideo103Argentina64
67%
Montevideo1541Bolivia958
67%
Bloemfontein378Botswana235
67%
Montevideo278Brazil173
67%
Accra510Burkina Faso317
67%
Montevideo1248Chile776
67%
Islamabad404China251
67%
Tirana159Croatia99
67%
Bloemfontein522Eswatini324
67%
Khartoum453Ethiopia282
67%
Islamabad86India54
67%
Accra280Ivory Coast174
67%
Tirana89Kosovo55
67%
Bloemfontein102Lesotho63
67%
Rabat760Mauritania472
67%
Tirana69Montenegro43
67%
Bloemfontein639Mozambique397
67%
Bloemfontein604Namibia375
67%
Tegucigalpa56Nicaragua35
67%
Tirana57North Macedonia35
67%
Montevideo815Paraguay506
67%
Rabat345Portugal214
67%
Khartoum933Saudi Arabia580
67%
Jerusalem109Syria68
67%
Islamabad351Tajikistan218
67%
Islamabad614Uzbekistan381
67%
Naypyidaw418China260
60%
San José383Colombia238
60%
Naypyidaw403India250
60%
Asunción11Argentina7
50%
Ottawa2031Bahamas1262
50%
Luxembourg City16Belgium10
50%
Asunción570Bolivia354
50%
Cape Town810Botswana503
50%
Maputo531Botswana330
50%
Asunción264Brazil164
50%
Porto-Novo551Burkina Faso343
50%
Bamako298Burkina Faso185
50%
Kigali44Burundi27
50%
Asunción987Chile613
50%
Managua121Costa Rica75
50%
Berlin173Czech Republic108
50%
Oslo239Denmark149
50%
Libreville59Equatorial Guinea37
50%
Sana'a282Eritrea175
50%
Sana'a350Ethiopia218
50%
Asmara77Ethiopia48
50%
Apia842Fiji523
50%
Oslo476Finland296
50%
Antananarivo701France435
50%
Oslo556Germany346
50%
Porto-Novo162Ghana100
50%
Bissau105Guinea65
50%
Bamako104Guinea65
50%
Managua128Honduras80
50%
Kigali446Kenya277
50%
Majuro448Kiribati278
50%
Yamoussoukro259Liberia161
50%
Jakarta895Malaysia556
50%
Bissau432Mali269
50%
Bamako318Mauritania197
50%
Madrid521Morocco324
50%
Apia492New Zealand
(Tokelau)
306
50%
Porto-Novo588Niger365
50%
Porto-Novo9Nigeria6
50%
Libreville481Nigeria299
50%
Managua463Panama287
50%
Palikir1188Papua New Guinea738
50%
São Tomé612Republic of the Congo380
50%
Ankara500Russia311
50%
Minsk231Russia144
50%
Sana'a171Saudi Arabia106
50%
Damascus234Saudi Arabia145
50%
Bissau63Senegal39
50%
Bamako362Senegal225
50%
Bissau401Sierra Leone249
50%
Jakarta897Singapore557
50%
Sana'a435Somalia270
50%
Nairobi468Somalia291
50%
Asmara235Sudan146
50%
Oslo63Sweden39
50%
Jakarta1448Thailand900
50%
Apia308Tonga191
50%
Kigali54Uganda33
50%
Muscat245United Arab Emirates152
50%
Oslo636United Kingdom395
50%
Nicosia31United Kingdom
(Akrotiri and Dhekelia)
19
50%
Apia113United States
(American Samoa)
70
50%
Tokyo1756United States
(Northern Mariana Islands)
1091
50%
Asunción538Uruguay334
50%
Jakarta1650Vietnam1025
50%
Naypyidaw391Bangladesh243
40%
Naypyidaw425Laos264
40%
Naypyidaw185Thailand115
40%
Tegucigalpa276Belize172
33%
Khartoum419Eritrea260
33%
South Tarawa1189Federated States of Micronesia739
33%
Bridgetown202Grenada125
33%
South Tarawa514Marshall Islands319
33%
South Tarawa700Nauru435
33%
Bridgetown157Saint Lucia98
33%
Bridgetown163Saint Vincent and the Grenadines101
33%
Khartoum364South Sudan226
33%
Bridgetown217Trinidad and Tobago135
33%
South Tarawa847Tuvalu527
33%
South Tarawa1157United States
(Howland Island)
719
33%
Basseterre89Antigua and Barbuda55
25%
Bamako246Ivory Coast153
25%
Tashkent342Afghanistan213
0%
Dushanbe127Afghanistan79
0%
Ashgabat371Afghanistan231
0%
Sarajevo169Albania105
0%
Athens350Albania218
0%
Pristina72Albania45
0%
Podgorica15Albania10
0%
Kinshasa157Angola98
0%
Windhoek562Angola349
0%
Roseau192Antigua and Barbuda119
0%
La Paz620Argentina385
0%
Brasília1253Argentina779
0%
Tehran556Armenia346
0%
Dili598Australia372
0%
Port Moresby371Australia231
0%
Jakarta474Australia
(Christmas Island)
295
0%
Bern162Austria101
0%
Tehran379Azerbaijan254
0%
Ashgabat705Azerbaijan438
0%
Port-au-Prince279Bahamas173
0%
Kingston462Bahamas225
0%
Havana428Bahamas266
0%
Sri Jayawardenepura Kotte1922Bangladesh1194
0%
Thimphu129Bangladesh80
0%
Kingstown171Barbados106
0%
Castries165Barbados102
0%
Saint George's258Barbados160
0%
Paramaribo929Barbados577
0%
Riga209Belarus130
0%
Paris182Belgium113
0%
Guatemala City198Belize123
0%
Niamey140Benin87
0%
Lima825Bolivia513
0%
Brasília1048Bolivia651
0%
Belgrade85Bosnia and Herzegovina53
0%
Podgorica60Bosnia and Herzegovina37
0%
Windhoek304Botswana189
0%
Maseru448Botswana278
0%
Lusaka420Botswana261
0%
Georgetown276Brazil171
0%
La Paz599Brazil372
0%
Lima514Brazil319
0%
Quito836Brazil519
0%
Athens373Bulgaria232
0%
Pristina105Bulgaria65
0%
Niamey85Burkina Faso53
0%
Cotonou537Burkina Faso334
0%
Dodoma633Burundi393
0%
Hanoi719Cambodia447
0%
Malabo43Cameroon27
0%
Bangui321Cameroon199
0%
Brazzaville665Cameroon413
0%
Kinshasa685Cameroon426
0%
Juba454Central African Republic282
0%
Yaounde371Central African Republic230
0%
Bangui397Chad246
0%
La Paz180Chile112
0%
Lima998Chile620
0%
Brasília2150Chile1336
0%
Taipei175China109
0%
Thimphu47China29
0%
Pyongyang157China98
0%
Hanoi138China85
0%
Ulaanbaatar494China307
0%
Seoul376China234
0%
Bishkek260China161
0%
Quito132Colombia82
0%
Caracas470Colombia292
0%
Lima1153Colombia717
0%
Victoria1464Comoros909
0%
Quito1036Costa Rica644
0%
Sarajevo100Croatia62
0%
Vatican City311Croatia193
0%
San Marino148Croatia92
0%
Podgorica59Croatia37
0%
Belgrade90Croatia56
0%
Vienna184Croatia114
0%
Rome309Croatia192
0%
Kingston208Cuba129
0%
Port-au-Prince261Cuba162
0%
Beirut174Cyprus108
0%
Lilongwe430Democratic Republic of the Congo267
0%
Kampala246Democratic Republic of the Congo153
0%
Juba157Democratic Republic of the Congo98
0%
Bangui4Democratic Republic of the Congo3
0%
Mogadishu1026Djibouti637
0%
Castries139Dominica86
0%
Saint John's171Dominica106
0%
Port-au-Prince33Dominican Republic21
0%
Lima812Ecuador504
0%
Guatemala City93El Salvador58
0%
Belmopan318El Salvador198
0%
Yaounde185Equatorial Guinea115
0%
Kinshasa746Equatorial Guinea464
0%
Stockholm232Estonia144
0%
Riga104Estonia65
0%
Helsinki52Estonia33
0%
Maseru427Eswatini265
0%
Nairobi566Ethiopia351
0%
Mogadishu320Ethiopia199
0%
Juba365Ethiopia227
0%
Yaren779Federated States of Micronesia484
0%
Funafuti804Fiji500
0%
Saint John's79France49
0%
Kingstown142France88
0%
Victoria1437France893
0%
Castries44France28
0%
Georgetown458France285
0%
Algiers633France394
0%
Paramaribo122France76
0%
Rome244France152
0%
Bern49France31
0%
Port Moresby2090France
(New Caledonia)
1299
0%
Canberra2206France
(New Caledonia)
1371
0%
Suva565France
(Wallis and Futuna)
351
0%
Funafuti697France
(Wallis and Futuna)
433
0%
Malabo331Gabon205
0%
Bangui584Gabon363
0%
Kinshasa250Gabon155
0%
Yaounde170Gabon105
0%
Praia744Gambia463
0%
Nouakchott482Gambia300
0%
Baku281Georgia175
0%
Bern68Germany42
0%
Paris301Germany187
0%
Cotonou133Ghana83
0%
Caracas583Grenada362
0%
Castries170Grenada106
0%
Kingstown72Grenada45
0%
Belmopan41Guatemala26
0%
Banjul299Guinea186
0%
Monrovia189Guinea117
0%
Freetown64Guinea40
0%
Nouakchott605Guinea-Bissau376
0%
Praia790Guinea-Bissau491
0%
Banjul117Guinea-Bissau73
0%
Freetown337Guinea-Bissau209
0%
Port of Spain288Guyana179
0%
Paramaribo212Guyana132
0%
Kingston250Haiti156
0%
Belmopan178Honduras111
0%
Guatemala City126Honduras79
0%
San Salvador62Honduras39
0%
Belgrade147Hungary91
0%
Chișinău459Hungary285
0%
Thimphu69India43
0%
Kabul417India259
0%
Malé606India376
0%
Sri Jayawardenepura Kotte257India160
0%
Port Moresby676Indonesia420
0%
Kuala Lumpur112Indonesia70
0%
Sri Jayawardenepura Kotte1673Indonesia1040
0%
Dili53Indonesia33
0%
Ashgabat23Iran14
0%
Baghdad123Iran76
0%
Baku170Iran106
0%
Manama198Iran123
0%
Tehran454Iraq282
0%
Beirut68Israel42
0%
Cairo317Israel197
0%
Algiers529Italy329
0%
Bern88Italy55
0%
Monrovia246Ivory Coast153
0%
Cotonou576Ivory Coast358
0%
Havana675Jamaica419
0%
Nassau726Jamaica451
0%
Taipei154Japan96
0%
Seoul385Japan239
0%
Pyongyang583Japan362
0%
Cairo365Jordan227
0%
Beirut130Jordan81
0%
Baku264Kazakhstan164
0%
Ulaanbaatar1445Kazakhstan898
0%
Tashkent12Kazakhstan8
0%
Ashgabat423Kazakhstan263
0%
Dushanbe224Kazakhstan139
0%
Dodoma357Kenya222
0%
Victoria1577Kenya980
0%
Kampala152Kenya94
0%
Mogadishu433Kenya269
0%
Funafuti701Kiribati435
0%
Podgorica69Kosovo43
0%
Sofia124Kosovo77
0%
Sarajevo178Kosovo110
0%
Baghdad452Kuwait281
0%
Manama334Kuwait207
0%
Dushanbe119Kyrgyzstan74
0%
Tashkent82Kyrgyzstan51
0%
Phnom Penh285Laos177
0%
Hanoi130Laos81
0%
Stockholm290Latvia180
0%
Helsinki232Latvia144
0%
Cairo500Lebanon311
0%
Freetown254Liberia158
0%
Bern154Liechtenstein96
0%
Helsinki413Lithuania257
0%
Riga67Lithuania41
0%
Stockholm395Lithuania245
0%
Paris264Luxembourg164
0%
Victoria1061Madagascar659
0%
Dodoma438Malawi272
0%
Dili1648Malaysia1024
0%
Phnom Penh663Malaysia412
0%
Sri Jayawardenepura Kotte712Maldives443
0%
Banjul484Mali301
0%
Freetown448Mali279
0%
Monrovia531Mali330
0%
Nouakchott535Mali332
0%
Niamey203Mali126
0%
Banjul290Mauritania180
0%
Praia761Mauritania473
0%
Havana488Mexico303
0%
Belmopan73Mexico45
0%
Guatemala City162Mexico101
0%
Seoul1167Mongolia725
0%
Pyongyang972Mongolia604
0%
Sarajevo56Montenegro35
0%
Belgrade172Montenegro107
0%
Pristina69Montenegro43
0%
Nouakchott320Morocco199
0%
Praia943Morocco586
0%
Algiers488Morocco303
0%
Lusaka207Mozambique129
0%
Lilongwe49Mozambique30
0%
Dodoma583Mozambique362
0%
Maseru533Mozambique331
0%
Sri Jayawardenepura Kotte1857Myanmar1154
0%
Thimphu529Myanmar329
0%
Kuala Lumpur832Myanmar517
0%
Phnom Penh574Myanmar356
0%
Hanoi486Myanmar302
0%
Lusaka420Namibia261
0%
Maseru735Namibia457
0%
Thimphu143Nepal89
0%
Caracas225Netherlands140
0%
Saint John's123Netherlands76
0%
Paris278Netherlands173
0%
Canberra1860New Zealand1156
0%
Funafuti911New Zealand
(Tokelau)
566
0%
Belmopan443Nicaragua275
0%
Guatemala City358Nicaragua223
0%
Niamey199Nigeria124
0%
Cotonou36Nigeria22
0%
Malabo103Nigeria64
0%
Yaounde297Nigeria185
0%
Seoul38North Korea24
0%
Ulaanbaatar1639North Korea1018
0%
Athens366North Macedonia228
0%
Pristina48North Macedonia30
0%
Doha427Oman265
0%
Malé2368Oman1472
0%
Kabul86Pakistan53
0%
Malé2247Pakistan1396
0%
Quito829Panama515
0%
Canberra2733Papua New Guinea1698
0%
Dili1700Papua New Guinea1056
0%
Ngerulmud1328Papua New Guinea825
0%
La Paz761Paraguay473
0%
Brasília1099Paraguay683
0%
La Paz73Peru46
0%
Quito319Peru198
0%
Ngerulmud885Philippines550
0%
Dili1549Philippines962
0%
Taipei436Philippines271
0%
Riga292Poland181
0%
Manama49Qatar30
0%
Malabo528Republic of the Congo328
0%
Bangui82Republic of the Congo51
0%
Yaounde274Republic of the Congo170
0%
Kinshasa11Republic of the Congo7
0%
Budapest177Romania110
0%
Belgrade71Romania44
0%
Chișinău56Romania35
0%
Riga206Russia128
0%
Seoul615Russia382
0%
Pyongyang553Russia344
0%
Baku181Russia113
0%
Chișinău332Russia206
0%
Ulaanbaatar199Russia123
0%
Helsinki114Russia71
0%
Kampala281Rwanda174
0%
Saint John's73Saint Kitts and Nevis46
0%
Saint George's203Saint Lucia126
0%
Kingstown68Saint Lucia42
0%
Roseau142Saint Lucia88
0%
Castries72Saint Vincent and the Grenadines45
0%
Caracas644Saint Vincent and the Grenadines400
0%
Roseau216Saint Vincent and the Grenadines134
0%
Saint George's67Saint Vincent and the Grenadines41
0%
Suva1073Samoa667
0%
Funafuti1034Samoa643
0%
Rome221San Marino138
0%
Malabo273São Tomé and Príncipe205
0%
Libreville255São Tomé and Príncipe159
0%
Manama26Saudi Arabia16
0%
Cairo368Saudi Arabia229
0%
Baghdad324Saudi Arabia201
0%
Monrovia680Senegal423
0%
Banjul16Senegal10
0%
Praia644Senegal400
0%
Nouakchott170Senegal105
0%
Freetown438Senegal272
0%
Sarajevo69Serbia43
0%
Athens494Serbia307
0%
Pristina21Serbia13
0%
Podgorica88Serbia55
0%
Monrovia96Sierra Leone60
0%
Kuala Lumpur291Singapore181
0%
Bratislava154Slovenia96
0%
Rome405Slovenia252
0%
Canberra2850Solomon Islands1771
0%
Port Moresby943Solomon Islands586
0%
Victoria1297Somalia806
0%
Maseru1South Africa1
0%
Windhoek608South Africa378
0%
Ulaanbaatar1807South Korea1123
0%
Taipei1009South Korea627
0%
Pyongyang143South Korea89
0%
Kampala353South Sudan219
0%
Mogadishu1076South Sudan669
0%
Algiers252Spain156
0%
Malé760Sri Lanka472
0%
Juba545Sudan339
0%
Georgetown155Suriname96
0%
Helsinki308Sweden191
0%
Beirut49Syria31
0%
Baghdad332Syria206
0%
Cairo510Syria317
0%
Kabul283Tajikistan176
0%
Tashkent58Tajikistan36
0%
Lilongwe296Tanzania184
0%
Mogadishu980Tanzania609
0%
Kampala171Tanzania106
0%
Phnom Penh219Thailand136
0%
Kuala Lumpur283Thailand176
0%
Singapore537Thailand334
0%
Hanoi366Thailand221
0%
Cotonou64Togo40
0%
Niamey306Togo190
0%
Suva691Tonga429
0%
Kingstown214Trinidad and Tobago133
0%
Caracas547Trinidad and Tobago340
0%
Georgetown484Trinidad and Tobago301
0%
Paramaribo795Trinidad and Tobago493
0%
Saint George's139Trinidad and Tobago87
0%
Algiers453Tunisia282
0%
Tehran612Turkey380
0%
Athens219Turkey136
0%
Baghdad407Turkey253
0%
Baku241Turkmenistan150
0%
Kabul392Turkmenistan244
0%
Dushanbe193Turkmenistan120
0%
Tehran294Turkmenistan183
0%
Suva1061Tuvalu659
0%
Juba117Uganda73
0%
Chișinău56Ukraine35
0%
Manama213United Arab Emirates133
0%
Paris250United Kingdom155
0%
Beirut188United Kingdom
(Akrotiri and Dhekelia)
117
0%
Havana426United Kingdom
(Cayman Islands)
265
0%
Kingston361United Kingdom
(Cayman Islands)
287
0%
Saint John's50United Kingdom
(Montserrat)
31
0%
Port-au-Prince307United Kingdom
(Turks and Caicos)
191
0%
Havana161United States100
0%
Port-au-Prince284United States
(Navassa Island)
176
0%
Kingston194United States
(Navassa Island)
120
0%
Brasília1829Uruguay1137
0%
Kabul318Uzbekistan198
0%
Ashgabat381Uzbekistan237
0%
Dushanbe48Uzbekistan30
0%
Canberra2626Vanuatu1632
0%
Suva872Vanuatu542
0%
Port Moresby2150Vanuatu1336
0%
Rome0Vatican City0
0%
San Marino226Vatican City140
0%
Paramaribo574Venezuela357
0%
Saint George's146Venezuela91
0%
Georgetown235Venezuela146
0%
Taipei1431Vietnam889
0%
Phnom Penh69Vietnam43
0%
Kuala Lumpur683Vietnam425
0%
Malé2283Yemen1419
0%
Windhoek850Zambia528
0%
Lilongwe56Zambia35
0%
Dodoma473Zambia294
0%
Lusaka91Zimbabwe57
0%
Lilongwe312Zimbabwe194
0%
Windhoek999Zimbabwe620
0%

Score Distribution

Percentile by Number Answered

Percent of People with Each Score

Your Score History

You have not taken this quiz